[Event "Mondiale Lampo FIDE 2017"]
[Site "Riyadh"]
[Date "29.12.2017"]
[Round "8.13"]
[White "Salem, A.R. Saleh"]
[Black "Jobava, Baadur"]
[Result "0-1"]
[WhiteTitle "GM"]
[BlackTitle "GM"]
[WhiteElo "2638"]
[BlackElo "2690"]
[WhiteFideId "9301348"]
[BlackFideId "13601520"]
[EventDate "2017.12.29"]

1. d4 d5 2. c4 c6 3. Nf3 Nf6 4. Nc3 dxc4 5. e4 b5 6. e5 Nd5 7. a4 Nc7 8. Be2 Bf5
9. Nh4 Bd7 10. O-O e6 11. Nf3 Be7 12. Ne4 O-O 13. Bg5 Bxg5 14. Nfxg5 h6 15. Nh3
Nd5 16. Ra3 Qh4 17. Nd6 f5 18. Qd2 a6 19. f4 Ra7 20. Rg3 Be8 21. Ng5 hxg5 22.
Rh3 Qxh3 23. gxh3 Nxf4 24. Qe3 Nd7 25. a5 c5 26. dxc5 Rc7 27. h4 Nxe2+ 28. Qxe2
gxh4 29. Rd1 Nxc5 30. Rd4 g5 31. Nxe8 Rxe8 32. Rd6 Kg7 33. Qh5 Rg8 34. Kf1 g4
35. Qxh4 Rf7 36. Rc6 Ne4 37. Rxe6 Rh8 38. Rg6+ Kxg6 39. Qxh8 b4 40. Qg8+ Rg7 41.
Qc8 c3 42. bxc3 bxc3 43. Ke2 Kg5 44. e6 Re7 45. Qxa6 Kf6 46. Qc8 Rxe6 47. Kd3
Rd6+ 48. Kc2 Rd2+ 49. Kc1 Rxh2 50. Qd8+ Kg6 51. Qg8+ Kf6 52. Qd8+ Kg6 53. a6
Rh1+ 54. Kc2 Rh2+ 55. Kc1 Rh1+ 56. Kc2 Rh2+ 57. Kb3 Nc5+ 58. Kxc3 Rh3+ 59. Kc4
Nxa6 60. Qd6+ Kg5 61. Qxa6 Re3 62. Kd4 Re4+ 63. Kd3 g3 64. Qc8 Kg4 65. Qg8+ Kf3
66. Qg6 Re3+ 67. Kd2 f4 68. Qh5+ Kf2 69. Qg5 Re2+ 70. Kd3 Re3+ 71. Kd4 Rf3 72.
Qh4 Ke2 73. Qg4 Kf2 74. Ke4 Re3+ 75. Kxf4 g2 76. Qh4+ Kf1 77. Kxe3 0-1

[Event "Mondiale Lampo FIDE 2017"]
[Site "Riyadh"]
[Date "29.12.2017"]
[Round "8.14"]
[White "Savchenko, Boris"]
[Black "Yu, Yangyi"]
[Result "0-1"]
[WhiteTitle "GM"]
[BlackTitle "GM"]
[WhiteElo "2566"]
[BlackElo "2751"]
[WhiteFideId "4147332"]
[BlackFideId "8603820"]
[EventDate "2017.12.29"]

1. e4 e5 2. Nf3 Nc6 3. Bc4 Bc5 4. c3 Nf6 5. d3 d6 6. O-O h6 7. a4 a5 8. Nbd2 O-O
9. Re1 Ne7 10. d4 exd4 11. Nxd4 Ng6 12. Nf1 Bg4 13. f3 Be6 14. Bxe6 fxe6 15. Be3
Qd7 16. Qb3 Rfe8 17. Rad1 Kh8 18. Nb5 Bxe3+ 19. Nxe3 Qc6 20. Qc4 Re7 21. Qxc6
bxc6 22. Nd4 Ra6 23. Nc4 Nd7 24. Nxa5 Rxa5 25. Nxc6 Rxa4 26. Nxe7 Nxe7 27. Ra1
Rc4 28. Ra8+ Kh7 29. Re8 Ng6 30. Ra1 e5 31. Ra6 Nf4 32. Re7 Nf8 33. Ra7 N4e6 34.
Kf2 Kg6 35. Ke3 Rc6 36. g3 Kf6 37. Re8 g5 38. Rb8 h5 39. Kd2 g4 40. Ke3 gxf3 41.
Kxf3 Rc4 42. Ke3 Ng6 43. h3 h4 44. gxh4 Nxh4 45. Rb4 Rc5 46. Ra8 Ng6 47. Ra1 Rc6
48. Rb7 Rc4 49. Rb5 Nc5 50. Rb4 Rxb4 51. cxb4 Ne6 52. Rc1 Ke7 53. Rg1 Nef4 54.
Rc1 Kd7 55. Rg1 Ke7 56. Rg3 Kf6 57. b5 Nf8 58. h4 N8g6 59. Rg4 Nxh4 60. Rg8 Ke7
61. Rg7+ Kd8 62. b6 cxb6 63. Rb7 Nhg6 64. b4 Kc8 65. Rxb6 d5 66. b5 d4+ 67. Kf3
Kc7 68. Rf6 Nh4+ 69. Kf2 Nhg6 70. Kf3 Kb7 71. Kf2 Kc7 72. Kf3 Kb7 73. Kf2 Nd3+
74. Ke2 Ngf4+ 75. Kf3 Ne1+ 76. Kf2 Ned3+ 77. Kf3 Kc7 78. Rh6 Kb7 79. Rf6 Kc7 80.
Rh6 Ne1+ 81. Kf2 Ned3+ 82. Kf3 Kb7 83. Rf6 Nc5 84. Rf5 Ncd3 85. Rf6 Nb2 86. Rc6
Na4 87. Kg4 Nc3 88. Kf5 d3 89. Rd6 Nfd5 90. Rh6 Ne3+ 91. Ke6 d2 92. Rh1 Nc4 93.
Rh7+ Kb6 94. Rd7 d1=Q 95. Rxd1 Nxd1 0-1

[Event "Mondiale Lampo FIDE 2017"]
[Site "Riyadh"]
[Date "29.12.2017"]
[Round "8.15"]
[White "Kryvoruchko, Yuriy"]
[Black "Bortnyk, Olexandr"]
[Result "1/2-1/2"]
[WhiteTitle "GM"]
[BlackTitle "GM"]
[WhiteElo "2689"]
[BlackElo "2610"]
[WhiteFideId "14109182"]
[BlackFideId "14120828"]
[EventDate "2017.12.29"]

1. e4 Nf6 2. e5 Nd5 3. d4 d6 4. Nf3 dxe5 5. Nxe5 c6 6. Be2 Bf5 7. O-O Nd7 8. Nf3
e6 9. c4 N5f6 10. Nc3 Bd6 11. Nh4 Bg6 12. g3 O-O 13. Bf3 Qc7 14. Re1 Rfe8 15.
Nxg6 hxg6 16. Ne4 Nxe4 17. Bxe4 Nf6 18. Bg2 Rad8 19. Qb3 e5 20. dxe5 Bxe5 21.
Be3 b6 22. Rad1 Rxd1 23. Rxd1 c5 24. Bf3 Rd8 25. Rxd8+ Qxd8 26. Kg2 Qd7 27. h3
Bd4 28. Bf4 Qf5 29. Bb8 Ne4 30. Qd3 Qxh3+ 31. Kxh3 Nxf2+ 32. Kg2 Nxd3 33. Bd5 a6
34. Ba7 b5 35. b3 b4 36. Bb6 Nc1 37. Bb7 Nxa2 38. Kf3 Nc1 39. Ke4 Nxb3 40. Kd5
Nd2 1/2-1/2

[Event "Mondiale Lampo FIDE 2017"]
[Site "Riyadh"]
[Date "29.12.2017"]
[Round "8.16"]
[White "Sethuraman, S.P."]
[Black "Cheparinov, Ivan"]
[Result "0-1"]
[WhiteTitle "GM"]
[BlackTitle "GM"]
[WhiteElo "2646"]
[BlackElo "2710"]
[WhiteFideId "5021596"]
[BlackFideId "2905540"]
[EventDate "2017.12.29"]

1. e4 e5 2. Nf3 Nc6 3. Bb5 Nf6 4. d3 Bc5 5. Bxc6 dxc6 6. Nbd2 Nd7 7. Qe2 f6 8.
Nc4 Nf8 9. Be3 Bxe3 10. fxe3 Be6 11. Ncd2 c5 12. O-O Ng6 13. a4 O-O 14. b3 Qe7
15. h3 b6 16. Kh2 a6 17. g4 b5 18. a5 Rad8 19. Rf2 Rd7 20. Nf1 c4 21. bxc4 bxc4
22. d4 exd4 23. exd4 Re8 24. Ng3 Qb4 25. Qe3 c3 26. Ne2 c5 27. dxc5 Rc7 28. Qxc3
Qxe4 29. Re1 Qc4 30. Qxc4 Bxc4 31. Ned4 Rxe1 32. Nxe1 Rxc5 33. Rf5 Ne5 34. Nef3
Rxa5 35. Kg3 Rd5 36. Nxe5 fxe5 37. Nf3 e4 38. Rxd5 Bxd5 39. Nd4 g5 40. Kf2 Kf7
41. Ke3 Kf6 42. c4 Bxc4 43. Kxe4 a5 44. Nc6 a4 45. Nb4 a3 46. Nc2 a2 47. Kf3 Bd3
48. Na1 Bb5 49. Kg3 Ba4 50. h4 h6 51. Kh3 Ke5 52. Kg3 Ke4 53. Kh3 Kf3 54. hxg5
hxg5 55. Kh2 Kxg4 56. Kg2 Kf4 57. Kf2 g4 58. Kg1 Kf3 59. Kf1 g3 60. Kg1 g2 0-1

[Event "Mondiale Lampo FIDE 2017"]
[Site "Riyadh"]
[Date "29.12.2017"]
[Round "8.17"]
[White "Rakhmanov, Aleksandr"]
[Black "Demchenko, Anton"]
[Result "0-1"]
[WhiteTitle "GM"]
[BlackTitle "GM"]
[WhiteElo "2653"]
[BlackElo "2660"]
[WhiteFideId "4173708"]
[BlackFideId "4160258"]
[EventDate "2017.12.29"]

1. c4 Nf6 2. Nc3 g6 3. g3 Bg7 4. Bg2 O-O 5. d3 d6 6. h3 Re8 7. e4 c5 8. Nge2 Nc6
9. Be3 Nd7 10. f4 Nd4 11. Bf2 Rb8 12. O-O a6 13. Nxd4 cxd4 14. Ne2 e5 15. f5 b5
16. cxb5 Rxb5 17. Qd2 Qa5 18. Qxa5 Rxa5 19. g4 Rb5 20. b3 Nc5 21. Rfd1 a5 22.
Bf1 a4 23. bxa4 Ra5 24. Rab1 Rxa4 25. Nc1 Bh6 26. Rb6 Ra6 27. Rxa6 Bxa6 28. Nb3
Na4 29. Na5 Rc8 30. Rb1 Bd2 31. Nc4 Bxc4 32. dxc4 Ra8 33. h4 h6 34. fxg6 fxg6
35. c5 Nxc5 36. Bc4+ Kg7 37. Bd5 Rf8 38. Rb2 Bc1 39. Rc2 Bf4 40. Rb2 d3 41. Be1
Be3+ 42. Kg2 d2 43. Rxd2 Bxd2 44. Bxd2 Rb8 45. Ba5 Rb2+ 46. Kf3 Kf8 47. Bd8 Na4
48. Ba5 Ke7 49. h5 gxh5 50. gxh5 Nc5 51. Bc3 Rc2 52. Bb4 Rh2 53. Kg4 Nd7 54. Kf5
Rxh5+ 55. Kg6 Rh1 56. Bd2 Nf8+ 57. Kf5 Rf1+ 58. Kg4 Rh1 59. a4 Nd7 60. Kf5 Rf1+
61. Kg6 Nb6 62. Bc6 Rg1+ 63. Kxh6 Ra1 64. a5 Nc4 65. Bg5+ Kf8 66. Bd5 Nxa5 67.
Kg6 Rg1 68. Kf6 Rf1+ 69. Ke6 Kg7 70. Kxd6 Rb1 71. Kxe5 Nb3 72. Bxb3 Rxb3 73. Be7
Kf7 74. Bd6 Rb5+ 75. Kd4 Ke6 76. Bc5 Ra5 77. Bb4 Ra4 78. Kc4 Ke5 79. Kb5 Ra2 80.
Kc6 Kxe4 81. Bd6 Rc2+ 82. Kb7 Kd5 83. Bc7 Rb2+ 84. Ka8 Kc6 85. Bb8 Rb4 86. Ba7
Ra4 87. Kb8 Ra3 88. Ka8 Rd3 89. Bb8 Kb6 90. Ba7+ Ka6 91. Bb8 Ra3 92. Ba7 Ra4 93.
Bg1 Re4 94. Ba7 Re6 95. Bb8 Re7 96. Bf4 Kb6 97. Bb8 Rf7 98. Bd6 Ra7+ 99. Kb8 Rd7 0-1

[Event "Mondiale Lampo FIDE 2017"]
[Site "Riyadh"]
[Date "29.12.2017"]
[Round "8.18"]
[White "Ivanchuk, Vassily"]
[Black "Christiansen, Johan-Sebastian"]
[Result "0-1"]
[WhiteTitle "GM"]
[BlackTitle "IM"]
[WhiteElo "2726"]
[BlackElo "2495"]
[WhiteFideId "14100010"]
[BlackFideId "1512668"]
[EventDate "2017.12.29"]

1. d4 Nf6 2. c4 c5 3. d5 b5 4. cxb5 a6 5. e3 e6 6. Nc3 Bb7 7. e4 g6 8. a4 Bg7 9.
Bf4 O-O 10. Nf3 exd5 11. e5 Ne4 12. Nxd5 Qa5+ 13. b4 cxb4 14. Bc4 b3+ 15. Kf1 b2
16. Rb1 axb5 17. axb5 Bxd5 18. Qxd5 Nc3 19. Bd2 Qa1 20. Bxc3 Qxb1+ 21. Ne1 Ra1
22. g3 Qxe1+ 23. Bxe1 Rxe1+ 0-1

[Event "Mondiale Lampo FIDE 2017"]
[Site "Riyadh"]
[Date "29.12.2017"]
[Round "8.19"]
[White "Artemiev, Vladislav"]
[Black "Vallejo Pons, Francisco"]
[Result "1-0"]
[WhiteTitle "GM"]
[BlackTitle "GM"]
[WhiteElo "2691"]
[BlackElo "2707"]
[WhiteFideId "24101605"]
[BlackFideId "2205530"]
[EventDate "2017.12.29"]

1. Nf3 d5 2. c4 dxc4 3. Qa4+ Nc6 4. Qxc4 e5 5. d3 h6 6. g3 Be6 7. Qa4 Qd7 8. Be3
Nf6 9. Nc3 Nd5 10. Nxd5 Bxd5 11. Bg2 Bb4+ 12. Kf1 Be7 13. Rc1 f6 14. h4 Rd8 15.
Bc5 O-O 16. h5 Qe6 17. Bxe7 Qxe7 18. Nh4 Qf7 19. Nf5 Rfe8 20. Rh4 Be6 21. Ne3
Nd4 22. Bxb7 Bxa2 23. Qxa7 c5 24. Qa6 Be6 25. Nc4 Qe7 26. Bg2 Rb8 27. Qd6 Bxc4
28. Qxe7 Rxe7 29. Rxc4 Rxb2 30. Bd5+ Kh7 31. e3 Nb3 32. Rc3 Nd2+ 33. Kg2 Ra7 34.
Rxc5 Ra3 35. Rc8 g5 1-0

[Event "Mondiale Lampo FIDE 2017"]
[Site "Riyadh"]
[Date "29.12.2017"]
[Round "8.21"]
[White "Kasimdzhanov, Rustam"]
[Black "Quparadze, Giga"]
[Result "1-0"]
[WhiteTitle "GM"]
[BlackTitle "GM"]
[WhiteElo "2683"]
[BlackElo "2506"]
[WhiteFideId "14200244"]
[BlackFideId "13602250"]
[EventDate "2017.12.29"]

1. e4 c5 2. Nf3 e6 3. d4 cxd4 4. Nxd4 a6 5. Nc3 b5 6. Bd3 Qb6 7. Nf3 Nc6 8. O-O
Qb8 9. a4 b4 10. Ne2 Nge7 11. Ng3 Ng6 12. b3 h5 13. h3 Bd6 14. Ne2 Nce5 15. Nxe5
Bxe5 16. Rb1 d6 17. Be3 h4 18. Qd2 O-O 19. f4 Bf6 20. f5 exf5 21. exf5 Ne5 22.
Nf4 Nxd3 23. Qxd3 a5 24. Nd5 Bd8 25. f6 Re8 26. fxg7 Re5 27. Rxf7 Be6 28. Rf8+
Kxg7 29. Bh6+ Kxh6 30. Rh8+ Kg5 31. Qd2+ Kg6 32. Qh6+ Kf5 33. Qh7+ Kg5 34. Qh5# 1-0

[Event "Mondiale Lampo FIDE 2017"]
[Site "Riyadh"]
[Date "29.12.2017"]
[Round "8.22"]
[White "Khismatullin, Denis"]
[Black "Petrosian, Tigran L."]
[Result "0-1"]
[WhiteTitle "GM"]
[BlackTitle "GM"]
[WhiteElo "2632"]
[BlackElo "2601"]
[WhiteFideId "4142578"]
[BlackFideId "13301616"]
[EventDate "2017.12.29"]

1. Nf3 g6 2. d4 Bg7 3. Bf4 d6 4. e3 Nf6 5. Be2 O-O 6. O-O Nh5 7. Bg5 h6 8. Bh4
Qe8 9. Nfd2 Nf6 10. c4 e5 11. Nc3 Nc6 12. Nb3 a6 13. Rc1 exd4 14. exd4 Ne7 15.
Re1 Nf5 16. Bxf6 Bxf6 17. Nd5 Qd8 18. Nxf6+ Qxf6 19. Qd2 Kg7 20. Qc3 a5 21. d5
a4 22. Qxf6+ Kxf6 23. Nd2 Nd4 24. Bd3 Bf5 25. Bxf5 gxf5 26. f4 Rfe8 27. Kf2 Rxe1
28. Rxe1 a3 29. b3 Nc2 30. Nb1 Nxe1 31. Kxe1 c6 32. dxc6 bxc6 33. Kd2 h5 34. g3
h4 35. gxh4 Kg6 36. Kc3 Kh5 37. b4 Kg4 38. b5 cxb5 39. cxb5 Kxf4 40. Kd4 Kf3 41.
Nc3 f4 42. b6 Rb8 43. Nd5 Kg4 44. h5 f3 45. Ke3 Re8+ 46. Kf2 Re2+ 47. Kf1 Rxa2
48. h6 Rxh2 49. Ne3+ 0-1

[Event "Mondiale Lampo FIDE 2017"]
[Site "Riyadh"]
[Date "29.12.2017"]
[Round "8.23"]
[White "McShane, Luke J"]
[Black "Georgiev, Kiril"]
[Result "0-1"]
[WhiteTitle "GM"]
[BlackTitle "GM"]
[WhiteElo "2640"]
[BlackElo "2623"]
[WhiteFideId "404853"]
[BlackFideId "2900017"]
[EventDate "2017.12.29"]

1. e4 c5 2. d3 Nc6 3. f4 g6 4. Nf3 Bg7 5. Be2 Nf6 6. O-O O-O 7. Qe1 e6 8. c3 b6
9. Na3 Ba6 10. Kh1 d6 11. Nc2 Qe7 12. Ne3 Rad8 13. Bd2 Rfe8 14. Rd1 Nd7 15. f5
exf5 16. exf5 d5 17. Rf2 d4 18. Ng4 Kh8 19. fxg6 hxg6 20. Ng5 f6 21. Rxf6 Nxf6
22. Qh4+ Nh5 23. Bf3 Ne5 24. Nxe5 Bxe5 25. Bxh5 gxh5 26. Qxh5+ Kg8 27. Re1 Qg7
28. Rf1 Rf8 29. Re1 Bb7 30. h3 Bf6 31. Re6 Bd5 32. Re1 Bxg5 33. Bxg5 Rf5 34. h4
Rdf8 35. Kh2 Qf7 36. Qg4 Qg6 37. c4 Ba8 38. Re7 Rf2 39. Qe6+ Qxe6 40. Rxe6 Rxg2+
41. Kh3 Rxb2 42. Rg6+ Kh7 43. Re6 Rf7 44. Kg3 Rxa2 45. h5 Ra3 46. Rh6+ Kg8 47.
Rd6 Rxd3+ 48. Kh4 Bg2 49. Bf6 Kh7 50. Be5 Re3 51. Bg3 Re4+ 52. Kg5 Rg7+ 53. Kf6
Rxg3 54. Rd7+ Kh6 55. Rd8 Kxh5 56. Kf5 Rg5+ 57. Kf6 Rf4+ 0-1

[Event "Mondiale Lampo FIDE 2017"]
[Site "Riyadh"]
[Date "29.12.2017"]
[Round "8.24"]
[White "Akobian, Varuzhan"]
[Black "Guseinov, Gadir"]
[Result "1/2-1/2"]
[WhiteTitle "GM"]
[BlackTitle "GM"]
[WhiteElo "2647"]
[BlackElo "2646"]
[WhiteFideId "13300580"]
[BlackFideId "13401378"]
[EventDate "2017.12.29"]

1. d4 Nf6 2. c4 g6 3. Nc3 Bg7 4. Nf3 d6 5. e4 O-O 6. h3 e5 7. d5 Nh5 8. g3 Na6
9. Be2 Nc5 10. b4 Nd7 11. Rb1 a5 12. a3 axb4 13. axb4 Qe7 14. Bg5 f6 15. Be3 f5
16. exf5 e4 17. Nd4 Ne5 18. O-O Bxf5 19. Nxf5 Rxf5 20. Nxe4 Raf8 21. Re1 Rf3 22.
Bd4 Ra3 23. Bxh5 gxh5 24. Bxe5 Qxe5 25. h4 Qf5 26. Re2 h6 27. c5 Be5 28. cxd6
cxd6 29. Qc2 Qg4 30. Rbe1 Kh8 31. Re3 Raa8 32. Qd1 Qf5 33. Qd2 Qg6 34. Nxd6 Bxd6
35. Re6 Bf4 36. Qd4+ Qg7 37. Qxg7+ Kxg7 38. gxf4 Rxf4 39. Rd1 Rxb4 40. d6 Rd8
41. Re7+ Kf6 42. Rh7 Kg6 43. Rc7 Rxh4 44. Rxb7 Rg4+ 45. Kh1 Kf6 46. Rh7 Rh4+ 47.
Kg2 Kg6 48. Rb7 Rg4+ 49. Kh3 Kf6 50. Rh7 Kg6 51. Rc7 Rf4 52. Kg3 Rg4+ 53. Kh3
Kf6 54. Rh7 Kg6 55. Re7 Kf6 56. Re3 Rf4 57. Kg3 Rf5 58. d7 Kf7 59. Kg2 Rf6 60.
Kh2 Rxf2+ 61. Kh3 Rf6 62. Kh4 Rf5 63. Rd2 Rf6 64. Rd4 Re6 65. Rxe6 Kxe6 66. Kxh5
Rxd7 67. Rxd7 Kxd7 68. Kxh6 1/2-1/2

[Event "Mondiale Lampo FIDE 2017"]
[Site "Riyadh"]
[Date "29.12.2017"]
[Round "8.25"]
[White "Meier, Georg"]
[Black "Bu, Xiangzhi"]
[Result "1/2-1/2"]
[WhiteTitle "GM"]
[BlackTitle "GM"]
[WhiteElo "2650"]
[BlackElo "2730"]
[WhiteFideId "4675789"]
[BlackFideId "8601445"]
[EventDate "2017.12.29"]

1. Nf3 Nf6 2. g3 d5 3. Bg2 c6 4. O-O Bf5 5. c4 e6 6. cxd5 cxd5 7. Qb3 Qb6 8.
Qxb6 axb6 9. Nc3 Nc6 10. d3 Bc5 11. Nh4 Bg6 12. Bd2 Ke7 13. Rfc1 Rhc8 14. Nxg6+
hxg6 15. h3 Ne8 16. Kf1 Nd6 17. Be1 Nf5 18. Rab1 Kf8 19. a3 Ncd4 20. b4 Be7 21.
e3 Nc6 22. Nb5 Nd6 23. Nxd6 Bxd6 24. Rb3 Na7 25. Rxc8+ Rxc8 26. e4 dxe4 27. Bxe4
Nb5 28. Bd2 Ra8 29. Be3 Rxa3 30. Rxa3 Nxa3 31. Bxb7 b5 32. Bc6 Bxb4 33. Bc1 Nc2
34. Bxb5 Nd4 35. Ba4 Ke7 36. Be3 1/2-1/2

[Event "Mondiale Lampo FIDE 2017"]
[Site "Riyadh"]
[Date "29.12.2017"]
[Round "8.26"]
[White "Melkumyan, Hrant"]
[Black "Fressinet, Laurent"]
[Result "1-0"]
[WhiteTitle "GM"]
[BlackTitle "GM"]
[WhiteElo "2633"]
[BlackElo "2662"]
[WhiteFideId "13302485"]
[BlackFideId "608742"]
[EventDate "2017.12.29"]

1. c4 c6 2. d4 d5 3. Nf3 Nf6 4. cxd5 cxd5 5. Nc3 Nc6 6. Bf4 Bf5 7. e3 e6 8. Qb3
Bb4 9. Ne5 Bxc3+ 10. bxc3 Nxe5 11. Bxe5 O-O 12. Be2 Rc8 13. O-O Qe7 14. Rfc1 Ne4
15. Qb2 f6 16. Bf4 g5 17. Bg3 Rc6 18. a4 Nxg3 19. hxg3 Rfc8 20. a5 Bg6 21. Ra3
R6c7 22. Rb3 h5 23. Qa3 Qxa3 24. Rxa3 Kf8 25. Kf1 Ke7 26. Ke1 Kd6 27. Kd2 g4 28.
Rb3 Rg8 29. Rh1 Rgc8 30. Ra1 Rh8 31. Rh1 Rhc8 32. f3 f5 33. f4 Be8 34. Rhb1 Bc6
35. Bd3 Rh8 36. Rh1 Rch7 37. Rh4 Rc8 38. Rb4 Rch8 39. Rb1 Rc8 40. Rh2 Rch8 41.
Rh4 Rc8 42. Rhh1 Rch8 43. Ke2 Rc8 44. Rb3 Rch8 45. Bb5 Rc8 46. Kd3 Bxb5+ 47.
Rxb5 Rcc7 48. Rhb1 Rhg7 49. R1b4 Rh7 50. c4 dxc4+ 51. Rxc4 Rxc4 52. Kxc4 Rc7+
53. Kd3 Rh7 54. e4 Rf7 55. e5+ Kc6 56. Rc5+ Kd7 57. d5 exd5 58. Rxd5+ Kc6 59.
Rd6+ Kc5 60. Rh6 Kb5 61. Rf6 Rd7+ 62. Ke3 Kxa5 63. Rxf5 Kb4 64. e6 Re7 65. Re5
a5 66. f5 a4 67. f6 Rc7 68. e7 a3 69. e8=Q a2 70. Re4+ Kb3 71. Qa4+ Kb2 72. Rb4+
Kc1 73. Qxa2 1-0

[Event "Mondiale Lampo FIDE 2017"]
[Site "Riyadh"]
[Date "29.12.2017"]
[Round "8.27"]
[White "Onischuk, Vladimir"]
[Black "Wang, Yue"]
[Result "1-0"]
[WhiteTitle "GM"]
[BlackTitle "GM"]
[WhiteElo "2637"]
[BlackElo "2690"]
[WhiteFideId "14114038"]
[BlackFideId "8601429"]
[EventDate "2017.12.29"]

1. e4 e5 2. Nf3 Nf6 3. Nxe5 d6 4. Nf3 Nxe4 5. Qe2 Qe7 6. d3 Nf6 7. Bg5 Qxe2+ 8.
Bxe2 Be7 9. Nc3 c6 10. O-O-O d5 11. Rde1 O-O 12. Bd1 Bd8 13. h3 Nbd7 14. g4 Nc5
15. Bd2 Bc7 16. Nh4 Bd7 17. f4 Rfe8 18. Ref1 Kh8 19. Ne2 a5 20. f5 Ng8 21. Nf3
Ne7 22. Nf4 Kg8 23. f6 Bxf4 24. Bxf4 gxf6 25. Bd6 Na6 26. Nh4 Kg7 27. Rhg1 Ng6
28. Nf5+ Kg8 29. h4 Kh8 30. Bg3 Nc5 31. Nd6 Re6 32. h5 Ne5 33. Rxf6 Nexd3+ 34.
cxd3 Rxf6 35. d4 Rxd6 36. Bxd6 Ne4 37. Bf4 f6 38. Bc2 Re8 39. h6 Kg8 40. g5 f5
41. g6 hxg6 42. Rxg6+ Kf7 43. Rg7+ Ke6 44. h7 Rh8 45. Be5 Bc8 46. Bxe4 dxe4 47.
Rc7 1-0

[Event "Mondiale Lampo FIDE 2017"]
[Site "Riyadh"]
[Date "29.12.2017"]
[Round "8.29"]
[White "Laznicka, Viktor"]
[Black "Rapport, Richard"]
[Result "0-1"]
[WhiteTitle "GM"]
[BlackTitle "GM"]
[WhiteElo "2647"]
[BlackElo "2707"]
[WhiteFideId "316385"]
[BlackFideId "738590"]
[EventDate "2017.12.29"]

1. d4 e6 2. Nf3 c5 3. g3 b5 4. d5 Nf6 5. dxe6 fxe6 6. a4 b4 7. Bg2 Bb7 8. O-O
Be7 9. Ne5 Bxg2 10. Kxg2 d6 11. Nd3 Nc6 12. Nf4 Qd7 13. c3 a5 14. Qb3 d5 15. Nd2
e5 16. Nh3 c4 17. Qd1 e4 18. Re1 e3 19. Nf3 exf2 20. Nxf2 O-O 21. Bf4 Bc5 22. e3
Rae8 23. Qd2 h6 24. h4 Ne7 25. Rad1 Qxa4 26. Ne5 Qb5 27. g4 Qb7 28. Kh2 Bd6 29.
Rg1 Qc7 30. Nf3 Ng6 31. Nh3 Rxe3 32. Qxe3 Nxf4 33. Nd4 Ne4 34. Nb5 Nxh3+ 35.
Kxh3 Rf2 36. Rg2 Rxg2 37. Kxg2 Qd7 38. Rxd5 Qxg4+ 39. Kf1 Be7 40. Re5 Ng3+ 41.
Ke1 Bxh4 42. Re8+ Kh7 43. Qe6 Ne4+ 44. Kf1 Nd2# 0-1

[Event "Mondiale Lampo FIDE 2017"]
[Site "Riyadh"]
[Date "29.12.2017"]
[Round "8.30"]
[White "Adly, Ahmed"]
[Black "Al-Sayed, Mohammed"]
[Result "1-0"]
[WhiteTitle "GM"]
[BlackTitle "GM"]
[WhiteElo "2637"]
[BlackElo "2511"]
[WhiteFideId "10601619"]
[BlackFideId "12100196"]
[EventDate "2017.12.29"]

1. d4 d5 2. Nf3 Nf6 3. c4 c6 4. Nc3 e6 5. e3 Nbd7 6. Qc2 Bd6 7. g4 Nxg4 8. Rg1
Nxh2 9. Nxh2 Bxh2 10. Rxg7 Bd6 11. Rxh7 Rg8 12. Bd2 Nf6 13. Rh1 Bd7 14. O-O-O
Qe7 15. Kb1 O-O-O 16. cxd5 exd5 17. Nb5 Kb8 18. Nxd6 Qxd6 19. Rh6 Rh8 20. Bb4
Qxb4 21. Rxf6 Qe7 22. Rf4 Rdg8 23. Bd3 Rh2 24. Qe2 Be6 25. a3 Rgg2 26. Rc1 Qg5
27. Qc2 Qe7 28. Qd2 Rg4 29. Rf3 Rgg2 30. Ka2 Qd6 31. Rf4 Rg4 32. Rf3 Rgg2 33.
Rc2 Rg1 34. Rc1 Rxc1 35. Qxc1 Qd8 36. Qg1 Qh8 37. Rg3 Kc7 38. Rg7 Qh4 39. Bf5
Kb6 40. Bxe6 fxe6 41. Rf7 a5 42. Qg7 Kb5 43. Rxb7+ Kc4 44. Qg6 Qxf2 45. Rb3 Qc2
46. Qxc2+ Rxc2 47. a4 c5 48. dxc5 Kxc5 49. Rb5+ Kd6 50. Rxa5 Re2 51. Ra6+ Ke5
52. a5 Rxe3 53. Rb6 Rf3 54. a6 Rf8 55. b4 d4 56. a7 Ra8 57. Rb7 Kd5 58. b5 d3
59. Kb2 e5 60. b6 d2 61. Kc2 Rd8 62. Rb8 1-0

[Event "Mondiale Lampo FIDE 2017"]
[Site "Riyadh"]
[Date "29.12.2017"]
[Round "8.31"]
[White "Saric, Ivan"]
[Black "Howell, David W L"]
[Result "1/2-1/2"]
[WhiteTitle "GM"]
[BlackTitle "GM"]
[WhiteElo "2669"]
[BlackElo "2676"]
[WhiteFideId "14508150"]
[BlackFideId "410608"]
[EventDate "2017.12.29"]

1. e4 c6 2. d4 d5 3. Nc3 dxe4 4. Nxe4 Nf6 5. Nxf6+ exf6 6. c3 Bd6 7. Bd3 O-O 8.
Qc2 Re8+ 9. Ne2 h5 10. Be3 Nd7 11. O-O-O Nf8 12. Kb1 Be6 13. c4 Rc8 14. h3 h4
15. Rdg1 b5 16. c5 Bb8 17. Nc3 b4 18. Ne4 f5 19. Nd6 Bxd6 20. cxd6 Qxd6 21. Bxf5
Qd5 22. Bxe6 Nxe6 23. Rd1 Qxg2 24. Qf5 Qd5 25. Qg4 Nf8 26. Qxh4 Qe4+ 27. Qxe4
Rxe4 28. Kc2 Ng6 29. h4 Nxh4 30. Kd3 Rg4 31. Kc4 c5 32. Kb3 cxd4 33. Rxd4 Rxd4
34. Bxd4 Nf3 35. Bxa7 g5 36. Kxb4 Ra8 37. Be3 Rxa2 38. Kb3 Ra8 39. Kc2 Rc8+ 40.
Kd3 Rb8 41. Ke4 g4 42. Kf5 Rxb2 43. Kxg4 Ne5+ 44. Kf5 Ng6 45. Ke4 1/2-1/2

[Event "Mondiale Lampo FIDE 2017"]
[Site "Riyadh"]
[Date "29.12.2017"]
[Round "8.32"]
[White "Movsesian, Sergei"]
[Black "Zhigalko, Sergei"]
[Result "1-0"]
[WhiteTitle "GM"]
[BlackTitle "GM"]
[WhiteElo "2647"]
[BlackElo "2641"]
[WhiteFideId "310204"]
[BlackFideId "13502956"]
[EventDate "2017.12.29"]

1. e4 c5 2. Nf3 Nc6 3. Bb5 Nf6 4. Nc3 Qc7 5. d3 d6 6. Bg5 e6 7. Bxf6 gxf6 8. O-O
Bd7 9. Re1 h5 10. Bxc6 bxc6 11. d4 cxd4 12. Qxd4 Be7 13. Rad1 h4 14. h3 Qb6 15.
Qd3 Qa5 16. e5 d5 17. Ne4 fxe5 18. Nxe5 Qc7 19. Nxd7 Qxd7 20. Qc3 Rg8 21. Nf6+
Bxf6 22. Qxf6 Qe7 23. Qf3 Rb8 24. c4 Rd8 25. Rd4 Kf8 26. b3 Qc5 27. Rxh4 d4 28.
Rxe6 d3 29. Re1 Qb4 30. Rd1 Qc3 31. Re4 Qc2 32. h4 Rg6 33. h5 Rgd6 34. c5 Qxc5
35. Rf4 R8d7 36. Rc4 Qe5 37. Re4 Qg5 38. Rg4 Qe5 39. Re4 Qg5 40. Rg4 Qe5 41. Re4
Qc5 42. Qg3 d2 43. Rg4 Re6 44. Rg8+ Ke7 45. Qh4+ Rf6 46. Qe4+ Re6 47. Qh4+ Rf6
48. Rg5 Qc2 49. Re5+ Kf8 50. Qxf6 Qxd1+ 51. Kh2 Qxh5+ 52. Rxh5 1-0

[Event "Mondiale Lampo FIDE 2017"]
[Site "Riyadh"]
[Date "29.12.2017"]
[Round "8.33"]
[White "Adhiban, Baskaran"]
[Black "Mamedov, Rauf"]
[Result "0-1"]
[WhiteTitle "GM"]
[BlackTitle "GM"]
[WhiteElo "2655"]
[BlackElo "2709"]
[WhiteFideId "5018471"]
[BlackFideId "13401653"]
[EventDate "2017.12.29"]

1. Nf3 g6 2. e4 c5 3. g3 Bg7 4. Bg2 Nf6 5. e5 Nd5 6. Nc3 Nc7 7. O-O Nc6 8. Re1
O-O 9. d3 Ne6 10. h4 h6 11. Bd2 d6 12. exd6 exd6 13. Nd5 Nc7 14. Nxc7 Qxc7 15.
Bc3 Nd4 16. Bxd4 cxd4 17. Nd2 Be6 18. a4 Rac8 19. a5 d5 20. Rc1 Qxa5 21. Nb3 Qb6
22. Qd2 h5 23. Re2 Rc6 24. Kh2 Kh7 25. Bh3 Qc7 26. f4 Rc8 27. Bxe6 fxe6 28. Kg2
Qf7 29. Qb4 Rb6 30. Qa4 e5 31. Rf1 Rf8 32. Rff2 e4 33. Nxd4 Ra6 34. Qb4 Rb6 35.
Qa4 Rxb2 36. f5 exd3 37. cxd3 Rxe2 38. Nxe2 gxf5 39. Qxa7 d4 40. Nf4 Be5 41. Rb2
Rb8 42. Nh3 Qd5+ 43. Kh2 Kh8 44. Rf2 Rg8 45. Ng5 f4 46. gxf4 Bd6 47. Qa1 Rf8 48.
Qc1 Qf5 49. Qd1 Bxf4+ 50. Kg2 Qd5+ 51. Kg1 Kg7 52. Qxh5 Qf5 53. Rg2 Be3+ 54. Kh2
Bf4+ 55. Kh1 Kf6 56. Ne4+ Ke5 57. Qe2 Qh3+ 58. Kg1 Be3+ 59. Nf2 Qxh4 60. Qb2
Bxf2+ 61. Rxf2 Qxf2+ 62. Qxf2 Rxf2 63. Kxf2 Kf4 64. Ke2 Kg3 65. Kd2 Kf3 66. Kc2
Ke3 0-1